| 000 | 00994nam a22003137a 4500 | ||
|---|---|---|---|
| 003 | CHAP | ||
| 005 | 20220329135631.0 | ||
| 008 | 971013s1968 r 00010 d | ||
| 010 | _a39682 | ||
| 011 | _a40654 | ||
| 035 | _a44780 | ||
| 040 | _cCHAP | ||
| 082 |
_a512.897 _bM6 |
||
| 100 | 0 | 0 |
_aMoore, John T. _978078 |
| 245 | _aElements of linear algebra and matrix theory | ||
| 260 |
_aNew York : _bMcGraw-Hill, _c1968 |
||
| 300 | _a370 p | ||
| 490 | _aInternational series in pure and applied mathematics | ||
| 590 |
_aBATCH-UPD _b10 _c20130110 _lUCH01 _h0836 |
||
| 590 |
_aBATCH-UPD _b10 _c20130410 _lUCH01 _h0514 |
||
| 590 |
_aBATCH-UPD _b10 _c20130914 _lUCH01 _h1651 |
||
| 590 |
_aCONVERSION _b10 _c20130109 _lUCH01 _h1322 |
||
| 650 | 1 | 4 |
_aÁlgebra lineal. _982392 |
| 650 | 1 | 4 |
_aMatrices. _973047 |
| 830 | 0 |
_aInternational series in pure and applied mathematics _959804 |
|
| 901 | _aBK | ||
| 942 | _cLIBRO | ||
| 949 |
_a512.897 M6 _bBC _cLIBRO _d33724000394573 _eLIBRO _h1200 _i44780 _si _t155.00 |
||
| 999 |
_c39682 _d39682 |
||